Speciality polyblend system of carboxylated nitrile rubber and polyacrylic rubber (Record no. 69127)

MARC details
000 -LEADER
fixed length control field 00361nam a2200121Ia 4500
100 ## - MAIN ENTRY--AUTHOR NAME
Personal name Roy S K Singha
245 #0 - TITLE STATEMENT
Title Speciality polyblend system of carboxylated nitrile rubber and polyacrylic rubber
260 ## - PUBLICATION, DISTRIBUTION, ETC. (IMPRINT)
Name of publisher Journal of Elastomers and Plastics
Year of publication 1995
300 ## - PHYSICAL DESCRIPTION
Number of Pages 239-252
700 ## - ADDED ENTRY--PERSONAL NAME
Personal name Das C K
942 ## - ADDED ENTRY ELEMENTS (KOHA)
Koha item type Journals
Holdings
Withdrawn status Lost status Damaged status Not for loan Home library Current library Shelving location Date acquired Serial Enumeration / chronology Koha item type
      Journals RRII Library RRII Library Rubber chemistry 17/12/2021 Volume 27, Issue 3 Journals